| 000 | 00367nam a2200157Ia 4500 | ||
|---|---|---|---|
| 008 | 191201s2008 xx 000 0 und d | ||
| 020 | _a9788120304178 | ||
| 082 |
_a005.131 _bMAD |
||
| 100 | _aMORRISMANO, M. | ||
| 245 | 0 | _aDigital Logic and Computer Design | |
| 250 | _aRep. | ||
| 260 |
_aN.Delhi _bPHI _c2008 |
||
| 300 | _a612 | ||
| 650 | _aMCA | ||
| 942 |
_2ddc _cBK |
||
| 999 |
_c3658 _d3658 |
||